Statistics for Multiple Choice General Knowledge #6

Click here to take the quiz!

General Stats

  • This quiz has been taken 9,532 times
  • The average score is 9 of 15

Answer Stats

QuestionAnswer% Correct
Which of these words has the most similar pronunciation to the French city of Nice?Niece
90%
What was a Megalodon?A 10 meter long shark that went extinct 3.6 million years ago
81%
In the Middle Ages, who were friars?Poor, traveling preachers
77%
What is the highest military decoration that can be earned by a British soldier?Victoria Cross
75%
Which number is at the very top of a dartboard?20
66%
What is a deluge?A flood
66%
Who was Anton Chekhov?A playwright
61%
Why is Ecuador's highest mountain (named Chimborazo) remarkable?It is further from the center of the Earth than any other point on Earth's surface
60%
What is the "catalyst" in the following statement?
A man pushes a boulder over a cliff
The man
60%
What is the "hair of the dog" treatment for a hangover?Drinking more alcohol
57%
Which of these is a paisley pattern?
56%
According to the Iliad, which goddess sprang, fully formed, from the forehead of Zeus?Athena
54%
Where did the term "soccer" originate?United Kingdom
53%
What is the holiest Jewish holiday?Yom Kippur
50%
The radius of the yellow sphere is 100 times that of a blue sphere. How much larger is the yellow sphere by volume?1,000,000 times
33%

Score Distribution

Percentile by Number Answered

Percent of People with Each Score

Your Score History

You have not taken this quiz